000 00878nam a2200205Ia 4500
003 GCL
008 140319s9999 xx 000 0 ara d
020 _a2844601977
040 _aGCL /
_cGCL
082 0 4 _aق
_b932
_bا م
100 1 _aاحمد محمد عبدالحليم دراز
245 1 0 _aمصر وفلسطين فيما بين القرنين الحادى عشر والثامن ق . م /
_cاحمد محمد عبدالحليم دراز
260 _aالقاهرة :
_bالهيئة المصرية العامة للكتاب ،
_c2003
300 _a326 ص ؛
_c22 سم
490 _aتاريخ المصريين
_v236
650 0 4 _aفلسطين القديمة - تاريخ
650 0 4 _aمصر - العلاقات الخارجية - فلسطين
650 0 4 _aمصر القديمة - تاريخ - الدولة الحديثة ( 1580 - 525 ق . م )
942 _2ddc
_cBK
999 _c56861
_d56861